00380cam a22001217a 4500008004000000082001600040100002000056245007100076260005000147300000900197440003100206700002100237180718b1968 xxu||||| |||| 00| 0 eng d aI52x42 Un3s aPeston, Maurice aStatistical decision theorycby Mourice Peston and Alan Coddington aLondonbHis Majesty's Stationery Officec1968 a19+p aCAS Occasional paper no. 7 aCoddington, Alan